[Event "Tata Steel India Blitz (Women)"]
[Site "Kolkata"]
[Date "2024.11.16"]
[Round "8"]
[White "Dzagnidze, Nana"]
[Black "Divya, Deshmukh"]
[Result "0-1"]
[WhiteElo "2518"]
[BlackElo "2493"]
[PlyCount "70"]
[EventDate "2024.11.16"]
[EventType "tourn (blitz)"]
[EventRounds "18"]
[EventCountry "IND"]
[EventCategory "10"]
[SourceTitle "CB47_2024"]
[SourceDate "2024.11.20"]
[SourceVersion "1"]
[SourceVersionDate "2024.11.20"]
[SourceQuality "1"]

1. d4 Nf6 2. c4 e6 3. Nc3 Bb4 4. Bd2 0-0 5. Nf3 b6 6. g3 Bb7 7. Bg2 c5 8. dxc5 Bxc5 9. 0-0 Nc6 10. a3 a5 11. Bf4 Qe7 12. e4 d6 13. Qe2 h6 14. Nb5 Rfd8 15. Rad1 e5 16. Bc1 Ba6 17. a4 Bxb5 18. axb5 Nd4 19. Nxd4 Bxd4 20. Be3 Bxe3 21. Qxe3 Nd7 22. Rd5 Nc5 23. Rfd1 a4 24. f4 f6 25. Qd2 Nb3 26. Qb4 Nd4 27. R1xd4 exd4 28. Rxd4 Qc7 29. Bh3 Qc5 30. Qd2 a3 31. bxa3 Rxa3 32. Be6+ Kh8 33. Kg2 Rda8 34. Kh3 Qh5+ 35. Kg2 Ra2 0-1

[Event "Tata Steel India Blitz (Women)"]
[Site "Kolkata"]
[Date "2024.11.16"]
[Round "6"]
[White "Dzagnidze, Nana"]
[Black "Harika, Dronavalli"]
[Result "1-0"]
[WhiteElo "2518"]
[BlackElo "2493"]
[PlyCount "153"]
[EventDate "2024.11.16"]
[EventType "tourn (blitz)"]
[EventRounds "18"]
[EventCountry "IND"]
[EventCategory "10"]
[SourceTitle "CB47_2024"]
[SourceDate "2024.11.20"]
[SourceVersion "1"]
[SourceVersionDate "2024.11.20"]
[SourceQuality "1"]

1. d4 d5 2. c4 e6 3. Nc3 c6 4. Nf3 dxc4 5. e3 b5 6. a4 Bb4 7. Bd2 Nf6 8. b3 Bxc3 9. Bxc3 Nd5 10. Qd2 cxb3 11. axb5 0-0 12. Ba5 Nb6 13. Rb1 cxb5 14. Bxb5 Bb7 15. Rxb3 Nc6 16. Be2 Nxa5 17. Qxa5 Bd5 18. Rb5 Bc6 19. Rc5 Bd5 20. 0-0 Nd7 21. Qxd8 Rfxd8 22. Ra5 Rdc8 23. Rfa1 Rc7 24. Ne1 Kf8 25. f3 f5 26. Kf2 Ke7 27. Nd3 g5 28. h4 h6 29. hxg5 hxg5 30. Nb4 Nf6 31. Na6 Rc2 32. Nc5 a6 33. Ke1 g4 34. Kd1 Rb2 35. Rxa6 Rxa6 36. Rxa6 gxf3 37. gxf3 Rb1+ 38. Kd2 Rb2+ 39. Ke1 Rb1+ 40. Kf2 Rb2 41. Ra7+ Kd8 42. Nd3 Rd2 43. Nf4 Bc4 44. Ke1 Rc2 45. Bxc4 Rxc4 46. Nxe6+ Kc8 47. Ra5 Kd7 48. Nc5+ Ke7 49. Nd3 Rc2 50. Rxf5 Rh2 51. Nf4 Nd7 52. Kf1 Nb6 53. Rc5 Na4 54. Rc7+ Kd8 55. Rc4 Nb2 56. Rc5 Nd1 57. Ng2 Ke7 58. Kg1 Rh8 59. Rc2 Rb8 60. Kf1 Rb1 61. Ke2 Nb2 62. Nf4 Na4 63. e4 Rb3 64. e5 Nc3+ 65. Kf2 Nd1+ 66. Kg3 Ne3 67. Rc7+ Ke8 68. Kf2 Nf5 69. d5 Rb2+ 70. Ke1 Ne3 71. d6 Nc2+ 72. Kd2 Na3+ 73. Ke3 Rb3+ 74. Ke4 Nb5 75. Re7+ Kf8 76. Ne6+ Kg8 77. d7 1-0

[Event "Tata Steel India Blitz (Women)"]
[Site "Kolkata"]
[Date "2024.11.16"]
[Round "1"]
[White "Dzagnidze, Nana"]
[Black "Kosteniuk, Alexandra"]
[Result "0-1"]
[WhiteElo "2518"]
[BlackElo "2487"]
[PlyCount "98"]
[EventDate "2024.11.16"]
[EventType "tourn (blitz)"]
[EventRounds "18"]
[EventCountry "IND"]
[EventCategory "10"]
[SourceTitle "CB47_2024"]
[SourceDate "2024.11.20"]
[SourceVersion "1"]
[SourceVersionDate "2024.11.20"]
[SourceQuality "1"]

1. d4 Nf6 2. c4 e6 3. Nc3 Bb4 4. Bd2 d5 5. Nf3 0-0 6. e3 b6 7. Bd3 dxc4 8. Bxc4 Bb7 9. 0-0 c5 10. a3 cxd4 11. axb4 dxc3 12. Bxc3 Nbd7 13. Qe2 Qc7 14. Ba6 Bd5 15. Rfc1 Qd6 16. h3 Ne4 17. Be1 Ndf6 18. Nd4 Rad8 19. Bd3 Qb8 20. Nc6 Bxc6 21. Rxc6 Rc8 22. b5 Rxc6 23. bxc6 Qc7 24. Rc1 Nc5 25. b4 Nxd3 26. Qxd3 Rd8 27. Qc4 h6 28. b5 Rd5 29. Bb4 Ne8 30. e4 Rd8 31. Qa2 Nf6 32. f3 Nh5 33. Ra1 Qe5 34. Be1 Qxb5 35. c7 Qc5+ 36. Bf2 Qxc7 37. Qxa7 Qxa7 38. Rxa7 Rb8 39. Ra4 b5 40. Rb4 Nf6 41. Kf1 Nd7 42. Ke2 Kf8 43. Bg3 Rb7 44. Kd3 Ke7 45. Kd4 f6 46. Bh2 g5 47. Bg3 h5 48. Bh2 e5+ 49. Kd5 Rb6 0-1

[Event "Tata Steel India Blitz (Women)"]
[Site "Kolkata"]
[Date "2024.11.16"]
[Round "4"]
[White "Dzagnidze, Nana"]
[Black "Vantika, Agrawal"]
[Result "0-1"]
[WhiteElo "2518"]
[BlackElo "2392"]
[PlyCount "144"]
[EventDate "2024.11.16"]
[EventType "tourn (blitz)"]
[EventRounds "18"]
[EventCountry "IND"]
[EventCategory "10"]
[SourceTitle "CB47_2024"]
[SourceDate "2024.11.20"]
[SourceVersion "1"]
[SourceVersionDate "2024.11.20"]
[SourceQuality "1"]

1. d4 Nf6 2. c4 e6 3. Bg5 d5 4. Nc3 Bb4 5. e3 0-0 6. Qc2 h6 7. Bh4 Nbd7 8. a3 Be7 9. Nf3 c5 10. dxc5 dxc4 11. Bxc4 Bxc5 12. 0-0 a6 13. Rfd1 Qc7 14. Bg3 Qc6 15. Bd3 Be7 16. Rac1 b5 17. Nd4 Qb6 18. Ne4 Bb7 19. Nxf6+ Nxf6 20. Qc7 Bd8 21. Qxb6 Bxb6 22. Bc7 Bxd4 23. exd4 Rac8 24. Ba5 Bd5 25. f3 Bb3 26. Re1 Nd5 27. Kf2 Nf4 28. Bf1 Bc4 29. Bd2 Nd5 30. g3 Bxf1 31. Kxf1 Rfd8 32. Ke2 f5 33. Ba5 Re8 34. Kd3 Kf7 35. Bd2 Ke7 36. Ba5 Kd7 37. Bd2 h5 38. Ba5 g5 39. Bd2 g4 40. Ke2 Nb6 41. b3 Nd5 42. Rf1 Rh8 43. Rh1 Rxc1 44. Rxc1 h4 45. fxg4 hxg3 46. hxg3 Rh2+ 47. Kd3 fxg4 48. Rf1 Rg2 49. Rf7+ Kc6 50. Be1 Rb2 51. b4 Rb3+ 52. Ke2 Rxa3 53. Rg7 Ra2+ 54. Kd3 Ra3+ 55. Ke2 Re3+ 56. Kf2 Re4 57. Rg6 Kd6 58. Rg8 Rxd4 59. Ra8 Nxb4 60. Bc3 Rc4 61. Bd2 Kd5 62. Bf4 Rc2+ 63. Ke3 Rc3+ 64. Kd2 Rc4 65. Rd8+ Ke4 66. Re8 Rc6 67. Rg8 e5 68. Bg5 Rd6+ 69. Ke2 Nc2 70. Be7 Nd4+ 71. Ke1 Rd7 72. Bc5 Kf3 0-1

[Event "Tata Steel India Rapid (Women)"]
[Site "Kolkata"]
[Date "2024.11.15"]
[Round "8"]
[White "Dzagnidze, Nana"]
[Black "Gunina, Valentina"]
[Result "0-1"]
[WhiteElo "2518"]
[BlackElo "2425"]
[PlyCount "174"]
[EventDate "2024.11.13"]
[EventType "tourn (rapid)"]
[EventRounds "9"]
[EventCountry "IND"]
[EventCategory "10"]
[SourceTitle "CB47_2024"]
[SourceDate "2024.11.20"]
[SourceVersion "1"]
[SourceVersionDate "2024.11.20"]
[SourceQuality "1"]

1. d4 d5 2. c4 c6 3. cxd5 cxd5 4. Bf4 Nf6 5. Nc3 Nc6 6. e3 a6 7. Bd3 Bg4 8. Nge2 e6 9. Rc1 Bd6 10. Bxd6 Qxd6 11. 0-0 0-0 12. Qd2 Bh5 13. Nf4 Bg6 14. Nxg6 hxg6 15. Na4 Rac8 16. Nc5 Rc7 17. f4 Nd7 18. Nxd7 Qxd7 19. Rc5 Rfc8 20. Rfc1 Qe7 21. a3 g5 22. Qf2 gxf4 23. Qxf4 a5 24. h3 e5 25. Qf2 e4 26. Bb1 Nd8 27. Rxc7 Rxc7 28. Rxc7 Qxc7 29. Ba2 Qd7 30. Qf4 Nc6 31. Qg5 Ne7 32. Qe5 f5 33. Qb8+ Kf7 34. Qe5 Qc6 35. Kh2 g6 36. h4 Ke8 37. Qb8+ Kd7 38. Qe5 Qb5 39. a4 Qc6 40. Bb3 Qe6 41. Qxe6+ Kxe6 42. Kg3 Nc6 43. Bd1 Kf6 44. Be2 g5 45. hxg5+ Kxg5 46. Bb5 Nb4 47. Bd7 Nd3 48. b3 f4+ 49. exf4+ Nxf4 50. Kf2 Kf6 51. Bc8 b6 52. g3 Ne6 53. Ke3 Ke7 54. Bb7 Kd6 55. Bc8 Nd8 56. Bh3 Nc6 57. g4 Nb4 58. Kd2 Ke7 59. g5 Kf7 60. Bf5 Kg7 61. Kc3 Nc6 62. Bd7 Ne7 63. Be8 Kf8 64. Bh5 Nc6 65. Bg4 Kf7 66. Bh5+ Kg7 67. Be8 Nd8 68. Kd2 Kf8 69. Bb5 Kf7 70. Ke3 Ke6 71. Kf4 Nb7 72. Be2 Nd8 73. Bg4+ Kd6 74. g6 Ne6+ 75. Bxe6 Kxe6 76. Kg5 e3 77. Kh6 e2 78. g7 e1Q 79. g8Q+ Ke7 80. Qxd5 Qe6+ 81. Qxe6+ Kxe6 82. Kg7 Kd5 83. Kf6 Kxd4 84. Ke6 Kc3 85. Kd5 Kxb3 86. Kc6 Kxa4 87. Kxb6 Kb4 0-1

[Event "Tata Steel India Rapid (Women)"]
[Site "Kolkata"]
[Date "2024.11.14"]
[Round "5"]
[White "Lagno, Kateryna"]
[Black "Dzagnidze, Nana"]
[Result "1/2-1/2"]
[WhiteElo "2527"]
[BlackElo "2518"]
[PlyCount "56"]
[EventDate "2024.11.13"]
[EventType "tourn (rapid)"]
[EventRounds "9"]
[EventCountry "IND"]
[EventCategory "10"]
[SourceTitle "CB47_2024"]
[SourceDate "2024.11.20"]
[SourceVersion "1"]
[SourceVersionDate "2024.11.20"]
[SourceQuality "1"]

1. e4 e6 2. d4 d5 3. exd5 exd5 4. Bd3 Nf6 5. Nf3 Bd6 6. 0-0 0-0 7. h3 h6 8. Nc3 a6 9. Ne2 Nc6 10. c3 Re8 11. Qc2 Bd7 12. Ng3 Qe7 13. Nh4 Bxg3 14. fxg3 Ne4 15. Bxe4 Qxe4 16. Qf2 f6 17. g4 Qd3 18. Nf5 Re2 19. Nxh6+ gxh6 20. Qxf6 Qc2 21. Qf7+ Kh8 22. Qf6+ Kg8 23. Qf7+ Kh8 24. Qxd5 Ne7 25. Qf3 Bc6 26. Qf6+ Kg8 27. Qf7+ Kh8 28. Qf6+ Kg8 1/2-1/2

[Event "Tata Steel India Rapid (Women)"]
[Site "Kolkata"]
[Date "2024.11.13"]
[Round "1"]
[White "Dzagnidze, Nana"]
[Black "Harika, Dronavalli"]
[Result "1/2-1/2"]
[WhiteElo "2518"]
[BlackElo "2493"]
[PlyCount "112"]
[EventDate "2024.11.13"]
[EventType "tourn (rapid)"]
[EventRounds "9"]
[EventCountry "IND"]
[EventCategory "10"]
[SourceTitle "CB47_2024"]
[SourceDate "2024.11.20"]
[SourceVersion "1"]
[SourceVersionDate "2024.11.20"]
[SourceQuality "1"]

1. d4 d5 2. c4 c5 3. Nf3 cxd4 4. cxd5 Qxd5 5. Nc3 Qa5 6. Nxd4 Nf6 7. a3 e5 8. Nb3 Qc7 9. e4 Nc6 10. Nd5 Qd8 11. Bg5 Be7 12. Bxf6 Bxf6 13. Rc1 0-0 14. Bc4 Be6 15. 0-0 Bg5 16. Rc3 Rc8 17. Qd3 a6 18. Nc5 b5 19. Ba2 Bxd5 20. Bxd5 b4 21. Rc4 bxa3 22. Qxa3 Nd4 23. Qxa6 Bf4 24. Qa3 Qh4 25. h3 Qe7 26. Nd3 Qf6 27. Nxf4 Qxf4 28. Qe3 Qf6 29. f4 Rxc4 30. Bxc4 g6 31. b3 Qd6 32. f5 gxf5 33. exf5 Kh8 34. f6 Ne6 35. Re1 Rg8 36. Qxe5 Qb6+ 37. Qe3 Qc6 38. Qe4 Qb6+ 39. Kh1 Ng5 40. Qf5 Qd4 41. Rf1 Ne4 42. Kh2 Ng3 43. Qf4 Nxf1+ 44. Qxf1 Rg6 45. Bxf7 Rxf6 46. Qc4 Qd6+ 47. Kg1 Qd1+ 48. Kh2 Qd6+ 49. Kg1 Qb6+ 50. Kh1 Rc6 51. Qf4 Rf6 52. Qe5 Kg7 53. Bc4 Qd6 54. Qe2 Qd4 55. Qe7+ Kh6 56. Qe2 Rd6 1/2-1/2

[Event "EU-Cup (Women) 28th"]
[Site "Vrnjacka Banja"]
[Date "2024.10.25"]
[Round "6.2"]
[White "Mammadzada, Gunay Vuqar Qizi"]
[Black "Dzagnidze, Nana"]
[Result "0-1"]
[WhiteElo "2426"]
[BlackElo "2513"]
[PlyCount "130"]
[EventDate "2024.10.20"]
[EventType "team-swiss"]
[EventRounds "7"]
[EventCountry "SRB"]
[SourceTitle "CB44_2024"]
[Source "Chessbase"]
[SourceDate "2024.10.30"]
[SourceVersion "1"]
[SourceVersionDate "2024.10.30"]
[SourceQuality "1"]
[WhiteTeam "Sremska Mitrovica Sirmium (W)"]
[BlackTeam "Ljubljana Tajfun (W)"]
[WhiteTeamCountry "SRB"]
[BlackTeamCountry "SLO"]

1. d4 Nf6 2. c4 e6 3. Nf3 d5 4. g3 c5 5. cxd5 cxd4 6. Qxd4 Nxd5 7. Bg2 Nc6 8. Qd1 Be7 9. 0-0 0-0 10. a3 Bf6 11. Re1 Nb6 12. Nbd2 e5 13. Ne4 Be7 14. Bg5 f6 15. Qb3+ Qd5 16. Qxd5+ Nxd5 17. Bd2 Be6 18. Rec1 Rac8 19. e3 Rfd8 20. b4 Kf7 21. Nc5 Bxc5 22. bxc5 Nde7 23. Rab1 Rd3 24. Be1 Rxa3 25. Rxb7 Nd8 26. Rb2 Bd5 27. Nd2 Bxg2 28. Kxg2 Ke6 29. g4 Ra4 30. h3 g6 31. Nf3 Ndc6 32. Nd2 Rb8 33. Rxb8 Nxb8 34. f4 Nbc6 35. fxe5 Nxe5 36. Nb3 N7c6 37. Rc2 Ra3 38. Nd4+ Kd5 39. Nb5 Rxe3 40. Nc7+ Ke4 41. Bf2 Kd3 42. Rc1 Re2 43. Nd5 Rc2 44. Ra1 Rb2 45. Nxf6 Kc4 46. Kg3 Rb3+ 47. Kg2 Rb2 48. Kg3 Rb3+ 49. Kg2 Nd3 50. Bg3 Rb2+ 51. Kf1 a5 52. Nxh7 Kb3 53. h4 a4 54. h5 gxh5 55. gxh5 a3 56. h6 a2 57. Rxa2 Rxa2 58. Nf8 Nde5 59. h7 Nf7 60. Ng6 Ra8 61. Bd6 Nh8 62. Nf8 Ra2 63. Kg1 Kc4 64. Ne6 Kd5 65. Ng5 Ra4 0-1

[Event "EU-Cup (Women) 28th"]
[Site "Vrnjacka Banja"]
[Date "2024.10.24"]
[Round "5.1"]
[White "Dzagnidze, Nana"]
[Black "Batsiashvili, Nino"]
[Result "1/2-1/2"]
[WhiteElo "2513"]
[BlackElo "2467"]
[PlyCount "89"]
[EventDate "2024.10.20"]
[EventType "team-swiss"]
[EventRounds "7"]
[EventCountry "SRB"]
[SourceTitle "CB44_2024"]
[Source "Chessbase"]
[SourceDate "2024.10.30"]
[SourceVersion "1"]
[SourceVersionDate "2024.10.30"]
[SourceQuality "1"]
[WhiteTeam "Ljubljana Tajfun (W)"]
[BlackTeam "SuperChess (W)"]
[WhiteTeamCountry "SLO"]
[BlackTeamCountry "ROU"]

1. d4 Nf6 2. c4 e6 3. Bf4 b6 4. a3 Bb7 5. Nc3 Bd6 6. Bxd6 cxd6 7. d5 exd5 8. cxd5 Na6 9. e4 0-0 10. Be2 Re8 11. f3 Nh5 12. Nh3 Qh4+ 13. Nf2 f5 14. g3 Qe7 15. exf5 Rac8 16. Kf1 Nf6 17. Qd2 Qe5 18. Bxa6 Bxa6+ 19. Kg2 Qxf5 20. Rhe1 Rf8 21. Re3 Bc4 22. Rd1 Rc5 23. b4 Rxd5 24. Nxd5 Nxd5 25. Rd3 Bxd3 26. Qxd3 Ne7 27. Ne4 d5 28. Nc3 Qxd3 29. Rxd3 Kf7 30. Nxd5 Nxd5 31. Rxd5 Ke6 32. Rd3 Rc8 33. g4 g5 34. h4 gxh4 35. Kh3 d5 36. f4 Rc4 37. f5+ Ke5 38. Re3+ Re4 39. Rf3 Kf6 40. Kxh4 h6 41. b5 d4 42. Rd3 Ke5 43. Rf3 Kf6 44. Rd3 Ke5 45. Rf3 1/2-1/2

[Event "EU-Cup (Women) 28th"]
[Site "Vrnjacka Banja"]
[Date "2024.10.23"]
[Round "4.1"]
[White "Assaubayeva, Bibissara"]
[Black "Dzagnidze, Nana"]
[Result "0-1"]
[WhiteElo "2487"]
[BlackElo "2513"]
[PlyCount "104"]
[EventDate "2024.10.20"]
[EventType "team-swiss"]
[EventRounds "7"]
[EventCountry "SRB"]
[SourceTitle "CB44_2024"]
[Source "Chessbase"]
[SourceDate "2024.10.30"]
[SourceVersion "1"]
[SourceVersionDate "2024.10.30"]
[SourceQuality "1"]
[WhiteTeam "Ajka Garuda (W)"]
[BlackTeam "Ljubljana Tajfun (W)"]
[WhiteTeamCountry "HUN"]
[BlackTeamCountry "SLO"]

1. Nf3 Nf6 2. g3 b5 3. Bg2 Bb7 4. 0-0 e6 5. d4 c5 6. a4 b4 7. c4 cxd4 8. Nxd4 Bxg2 9. Kxg2 Be7 10. b3 0-0 11. Bb2 Na6 12. Nd2 Nc5 13. Qc2 Qc7 14. e4 Qb7 15. f3 d6 16. Rad1 Rac8 17. Rfe1 a6 18. Nf1 Nfd7 19. Ne3 Ne5 20. Qe2 Bf6 21. Nec2 g6 22. f4 Ned7 23. Qf3 e5 24. fxe5 Bxe5 25. Ne3 Nxb3 26. Nxb3 Bxb2 27. Nd5 Kg7 28. Rb1 Be5 29. Na5 Qa7 30. Rxb4 Nc5 31. Qe3 Qd7 32. Nb6 Qc7 33. Nb3 Nxb3 34. Rxb3 Rb8 35. Reb1 Qc6 36. Nd5 Rxb3 37. Qxb3 Qc5 38. Qd3 Rc8 39. Ne3 Qd4 40. Rd1 Qb2+ 41. Rd2 Qb4 42. Qc2 h5 43. Kf3 Rb8 44. Rd5 Qe1 45. Rd1 Qa5 46. Rd5 Qd8 47. Qd1 Qf6+ 48. Kg2 Bc3 49. Rxd6 Rb2+ 50. Nc2 Qe5 51. Qd3 Ba5 52. Rxa6 Qc3 0-1